| 000 | 00697 a2200205 4500 | ||
|---|---|---|---|
| 010 | _aENG-89328 | ||
| 020 |
_a1831303399 _c695.00 |
||
| 035 | _aEN-72861 | ||
| 037 | _bDBAD / PUB | ||
| 082 | 1 | 4 | _a333.9104 |
| 090 |
_c10765 _d10765 |
||
| 100 | 1 | _aMahajan, Gautam | |
| 245 | 1 |
_aEvaluation and development of ground water/ _cby Gautam Mahajan |
|
| 260 |
_aNew Delhi _bAPH Publishing Corporation _c2008 |
||
| 270 |
_a4435-36/7, Ansari Road, Darya Ganj, _bNew Delhi _cDelhi _e110002 |
||
| 300 |
_axv, 317 p. _c22 cm ( Hb.) |
||
| 500 | _aIncludes index | ||
| 942 |
_adpl _cEN _k333.9104 / MAH |
||
| 999 |
_c10469 _d10469 |
||